[Event "Challenge"]
[Site "http://www.queenalice.com/game.php?id=271164"]
[Date "2007.9.13"]
[Round "-"]
[White "tugasi"]
[Black "lrmaster"]
[Result "0-1"]
[WhiteElo "1363"]
[BlackElo "1620"]

1. e4 e5 2. Nf3 d6 3. Bc4 f6 4. Nc3 c6 5. d4 exd4 6. Nxd4 c5 7. Nf3 Ne7 8. Bf4
Ng6 9. O-O Nxf4 10. Nh4 g5 11. Nf5 Bxf5 12. exf5 Qd7 13. Re1+ Be7 14. Nd5 Nxd5
15. Qxd5 Nc6 16. Qf7+ Kd8 17. Re3 Ne5 18. Qh5 Nxc4 19. Re2 Nxb2 0-1

[Event "Challenge"]
[Site "http://www.queenalice.com/game.php?id=271167"]
[Date "2007.9.13"]
[Round "-"]
[White "tugasi"]
[Black "razoman"]
[Result "0-1"]
[WhiteElo "1443"]
[BlackElo "1886"]

1. e4 c5 2. Nc3 e6 3. Nf3 a6 4. Bc4 Nc6 5. d3 b5 6. Bb3 Bb7 7. a3 d6 8. Be3 Be7
9. d4 cxd4 10. Nxd4 Nf6 11. Nxc6 Bxc6 12. Qf3 O-O 13. g4 Nd7 14. O-O-O Ne5 15.
Qg3 Qc7 16. h4 a5 17. f4 Nc4 18. Bf2 a4 19. Ba2 d5 20. g5 Nxa3 21. h5 Bd7 22. g6
h6 23. bxa3 Bxa3+ 24. Kd2 Bb4 25. exd5 Bxc3+ 26. Qxc3 Qxf4+ 27. Be3 Qe4 28. dxe6
Bxe6 29. gxf7+ Rxf7 30. Bxe6 Qxe6 31. Rhg1 Rc8 32. Qa3 Rd7+ 33. Kc1 b4 34. Rxd7
bxa3 35. Rgxg7+ Kf8 36. Rdf7+ Qxf7 37. Rxf7+ Kxf7 38. Bxh6 Rh8 39. Be3 Rxh5 40.
Kb1 Rh2 41. Bc5 a2+ 42. Kxa2 Rxc2+ 43. Ka3 Rxc5 44. Kxa4 Ke6 45. Kb4 Kd5 46. Kb3
Kd4 47. Kb4 Rc2 48. Kb5 Kd5 49. Kb4 Rc7 50. Kb5 Rb7+ 51. Ka4 Kc5 52. Ka3 Kc4 53.
Ka2 Kc3 54. Ka1 Kc2 0-1

[Event "Challenge"]
[Site "http://www.queenalice.com/game.php?id=271170"]
[Date "2007.9.13"]
[Round "-"]
[White "tugasi"]
[Black "Sertori"]
[Result "0-1"]
[WhiteElo "1379"]
[BlackElo "1571"]

1. e4 e5 2. Nf3 Nc6 3. Nc3 Nf6 4. Bc4 Nxe4 5. Nxe4 d5 6. Bb5 dxe4 7. Bxc6+ bxc6
8. Nxe5 Qd5 9. Ng4 Bc5 10. d3 O-O 11. Qf3 exf3 12. Ne3 Bxe3 13. Bxe3 fxg2 0-1

[Event "Challenge"]
[Site "http://www.queenalice.com/game.php?id=271177"]
[Date "2007.9.13"]
[Round "-"]
[White "tugasi"]
[Black "valmir"]
[Result "1-0"]
[WhiteElo "1432"]
[BlackElo "1362"]

1. e4 e5 2. Nf3 g5 3. Nxe5 Qe7 4. Nd3 h5 5. f3 g4 6. Nc3 c6 7. Qe2 Bh6 8. h3
gxh3 9. gxh3 b5 10. Bg2 a5 11. a3 Na6 12. b4 a4 13. Bb2 Rb8 14. Nxa4 bxa4 15.
Bxh8 f6 16. e5 Qh7 17. Bxf6 Kf7 18. O-O-O Bb7 19. f4 Re8 20. Nf2 Nxf6 21. Qc4+
Nd5 22. Ne4 Qg7 23. Bf3 Ke7 24. Nc5 Nac7 25. Nxb7 Bxf4 26. Qc5+ d6 27. Qxd6+ Kf7
28. Bxh5+ Kg8 29. Rhg1 Bg5 30. Bxe8 Nxe8 31. Qe6+ Kh7 32. Qxe8 Qxb7 33. Rxg5 Ne7
34. Qh5# 1-0

[Event "Challenge"]
[Site "http://www.queenalice.com/game.php?id=271183"]
[Date "2007.9.13"]
[Round "-"]
[White "tugasi"]
[Black "swayne"]
[Result "0-1"]
[WhiteElo "1406"]
[BlackElo "1680"]

1. e4 e5 2. Nf3 Nc6 3. Nc3 a6 4. Bc4 h6 5. d3 Bb4 6. O-O Nf6 7. Be3 O-O 8. a3
Bxc3 9. bxc3 Na5 10. Ba2 b6 11. c4 c5 12. Nxe5 d6 13. Nf3 Ng4 14. h3 Nxe3 0-1

[Event "Challenge"]
[Site "http://www.queenalice.com/game.php?id=271184"]
[Date "2007.9.13"]
[Round "-"]
[White "tugasi"]
[Black "Caisso"]
[Result "0-1"]
[WhiteElo "1443"]
[BlackElo "2099"]

1. e4 c6 2. Nc3 d5 3. exd5 cxd5 4. Nf3 Bg4 5. h3 Bh5 6. g4 Bg6 7. d4 Nc6 8. Bg2
e6 9. Be3 Nf6 10. Bg5 Be7 11. Ne5 Nxe5 12. dxe5 Nd7 13. f4 Bxg5 14. fxg5 Qxg5
15. Qf3 Qxe5+ 16. Ne2 Qxb2 17. O-O Qxc2 18. Nf4 Ne5 19. Qg3 Nd3 20. Nxg6 hxg6
21. Rfd1 Qc5+ 22. Kh2 Nb2 23. Re1 O-O 24. Qb3 Qc7+ 25. Kh1 Nc4 26. Rac1 Rab8 27.
Bf1 b5 28. a4 a6 29. axb5 axb5 30. Qb4 Qg3 31. Re2 Qf3+ 32. Kh2 Ne3 33. Qe1
Nxf1+ 34. Qxf1 Qxf1 35. Rxf1 b4 36. Rb2 Rb5 37. Rf4 Rfb8 38. Kg3 e5 39. Rf3 Rc8
40. Rfb3 Rc4 41. Kh4 d4 42. Kg3 Rc3+ 43. Rxc3 dxc3 44. Rb1 c2 0-1

[Event "Challenge"]
[Site "http://www.queenalice.com/game.php?id=271189"]
[Date "2007.9.13"]
[Round "-"]
[White "tugasi"]
[Black "eduardofelix"]
[Result "0-1"]
[WhiteElo "1452"]
[BlackElo "1676"]

1. e4 e5 2. Nf3 d6 3. Nc3 a6 4. Bc4 h6 5. d3 Nf6 6. Be3 Ng4 7. h3 Nxe3 8. fxe3
c6 9. O-O Be7 10. d4 Bf6 11. dxe5 dxe5 12. Nxe5 Qxd1 13. Bxf7+ Ke7 14. Raxd1
Bxe5 15. Bb3 Be6 16. Bxe6 Kxe6 17. Na4 Nd7 18. c3 b5 19. Rxd7 Kxd7 20. Nb6+ Kc7
21. Nxa8+ Rxa8 22. Rf7+ Kb6 23. Kf2 Ra7 24. Rf8 Re7 25. g4 g5 26. Rf5 Bg7 27.
Kf3 Re8 28. Rf7 Rf8 29. Rxf8 Bxf8 30. e5 Kc7 31. Ke4 Kd7 32. Kf5 Ke7 33. e4 Kf7
34. e6+ Kg7 35. e5 a5 36. a3 a4 37. Ke4 Be7 38. Kd4 c5+ 39. Kd5 b4 40. cxb4 cxb4
41. axb4 Bxb4 42. Kc6 Kf8 43. Kb5 Bc3 44. Kxa4 Bxb2 45. Kb5 Ke7 46. Kc4 Kxe6 47.
Kd3 Kxe5 48. Ke3 Bd4+ 49. Kf3 Bb6 50. Kg3 Ke4 51. Kg2 Kf4 52. Kh2 Kf3 53. Kh1
Bc7 54. Kg1 Kg3 55. Kh1 Kxh3 56. Kg1 Kxg4 57. Kh1 Bb6 58. Kg2 h5 59. Kh2 h4 60.
Kg2 Bc7 61. Kh1 Kg3 62. Kg1 g4 63. Kh1 Kh3 64. Kg1 g3 65. Kh1 g2+ 66. Kg1 Bb6#
0-1

[Event "Challenge"]
[Site "http://www.queenalice.com/game.php?id=271194"]
[Date "2007.9.13"]
[Round "-"]
[White "tugasi"]
[Black "dahora"]
[Result "0-1"]
[WhiteElo "1443"]
[BlackElo "2031"]

1. e4 e6 2. Nf3 d5 3. Nc3 d4 4. Nb5 c5 5. Bc4 Nc6 6. d3 Bd7 7. Bf4 Rc8 8. O-O a6
9. Na3 Qb6 10. Rb1 Nf6 11. c3 Be7 12. b4 cxb4 13. cxb4 Nxb4 14. Nc2 Ba4 15. Qd2
Bxc2 16. a3 Bxb1 17. Rxb1 a5 18. axb4 Bxb4 19. Qc2 Qc6 20. Bb5 Qxb5 21. Qxc8+
Ke7 22. Qxh8 Qxd3 23. Rf1 Qxe4 24. Bg5 h6 25. Qxg7 hxg5 26. Nxg5 Qg6 27. Qxg6
fxg6 28. Nf3 Bc5 29. Rb1 b6 30. Rd1 Nd5 31. Nxd4 Nc3 32. Rd2 Bxd4 33. Rd3 a4 34.
Kf1 e5 35. Rg3 a3 36. Rxg6 a2 37. Rg7+ Kd6 38. Ra7 b5 39. Ra8 Na4 0-1

[Event "Challenge"]
[Site "http://www.queenalice.com/game.php?id=271277"]
[Date "2007.9.13"]
[Round "-"]
[White "tugasi"]
[Black "kingjo"]
[Result "1-0"]
[WhiteElo "1443"]
[BlackElo "1985"]

1. e4 e5 2. Nf3 Nc6 3. Nc3 d6 4. Bc4 Be7 5. d3 Bg4 6. Be3 Nf6 7. h3 Bh5 8. g4
Bg6 9. h4 h6 10. h5 Bh7 11. Nd5 Nxg4 12. Nd2 Nxe3 13. fxe3 Bh4+ 14. Ke2 Bg5 15.
Qf1 Qd7 16. Re1 O-O-O 17. Kd1 Na5 18. Nc3 Nxc4 19. Nxc4 Qg4+ 20. Kc1 f5 21. exf5
Bxf5 22. Qf2 Rhf8 23. Reg1 Qd4 24. Rxg5 Bxd3 25. Qxf8 Rxf8 26. exd4 Bxc4 27.
Rxg7 1-0

[Event "Challenge"]
[Site "http://www.queenalice.com/game.php?id=271429"]
[Date "2007.9.14"]
[Round "-"]
[White "ROLAND"]
[Black "tugasi"]
[Result "1-0"]
[WhiteElo "1482"]
[BlackElo "1391"]

1. d4 e5 2. Qd3 exd4 3. Qe4+ Ne7 4. Qxd4 Nbc6 5. Qe4 d5 6. Qe3 Bf5 7. Na3 Be6 8.
Qb3 b6 9. Qa4 Qd7 10. c3 g6 11. Nf3 Bg7 12. Bg5 O-O 13. Rd1 a6 14. Nc2 b5 15.
Qh4 h6 16. Bxh6 f5 17. Ng5 Ne5 18. Na3 Nf7 19. Bxg7 Kxg7 20. Rd3 Nxg5 21. Qxg5
Rh8 22. Qg3 Qc6 23. Qe3 Rae8 24. Qd4+ Kg8 25. h3 1-0

[Event "Challenge"]
[Site "http://www.queenalice.com/game.php?id=271430"]
[Date "2007.9.14"]
[Round "-"]
[White "tugasi"]
[Black "Danado"]
[Result "0-1"]
[WhiteElo "1401"]
[BlackElo "1640"]

1. e4 e5 2. Nf3 Nc6 3. Nc3 Nf6 4. Bc4 Bb4 5. a3 Bxc3 6. dxc3 Nxe4 7. Ng5 Nxg5 8.
Qh5 d5 9. Bxg5 Qd7 10. O-O-O g6 11. Qf3 Qg4 12. Qxg4 Bxg4 13. f3 Bxf3 14. gxf3
dxc4 15. Rhe1 O-O 16. Rd7 f6 17. Bh6 Rf7 18. Rxf7 Kxf7 19. Re4 g5 20. Rxc4 Kg6
21. Bxg5 fxg5 22. Kd2 Rd8+ 0-1

[Event "Challenge"]
[Site "http://www.queenalice.com/game.php?id=271432"]
[Date "2007.9.14"]
[Round "-"]
[White "arvim"]
[Black "tugasi"]
[Result "1-0"]
[WhiteElo "2116"]
[BlackElo "1315"]

1. d4 d6 2. c4 e5 3. d5 Bf5 4. Nc3 c6 5. e4 Bg6 6. Nf3 cxd5 7. cxd5 Nf6 8. Bd3
Qa5 9. O-O Be7 10. Bd2 Qb6 11. Be3 Qc7 12. Rc1 O-O 13. Nb5 Qd7 14. Nc7 Na6 15.
Nxa8 Rxa8 16. Nd2 Rc8 17. Rxc8+ Qxc8 18. Bxa6 bxa6 19. f3 1-0

[Event "Challenge"]
[Site "http://www.queenalice.com/game.php?id=271437"]
[Date "2007.9.14"]
[Round "-"]
[White "txukahamae"]
[Black "tugasi"]
[Result "1-0"]
[WhiteElo "1611"]
[BlackElo "1357"]

1. d4 d6 2. c4 e5 3. dxe5 dxe5 4. Qxd8+ Kxd8 5. Nc3 Nf6 6. Bg5 Nd7 7. e3 h6 8.
Bh4 g5 9. Bg3 Nc5 10. Bxe5 Bg7 11. O-O-O+ Bd7 12. Be2 Ke7 13. Bxc7 Nce4 14. Nxe4
Nxe4 15. Bg3 Bc6 16. f3 Nxg3 17. hxg3 Rac8 18. Nh3 b5 19. Nf2 bxc4 20. Bxc4 Bxf3
21. gxf3 Rxc4+ 22. Kb1 Rb8 23. b3 a5 24. Rc1 Rcb4 25. Rc7+ Kf8 26. Rhc1 a4 27.
Rc8+ Rxc8 28. Rxc8+ Ke7 29. Rc4 Rxc4 30. bxc4 Kd6 31. a3 Kc5 32. Nd3+ Kxc4 33.
Nb2+ Kb3 34. Nd3 Kxa3 35. Nc1 Kb4 36. Kc2 a3 37. Na2+ Kc4 38. g4 1-0

[Event "Challenge"]
[Site "http://www.queenalice.com/game.php?id=271438"]
[Date "2007.9.14"]
[Round "-"]
[White "tugasi"]
[Black "blikinn"]
[Result "0-1"]
[WhiteElo "1369"]
[BlackElo "1986"]

1. e4 e5 2. Nf3 d6 3. Nc3 Nf6 4. Bc4 h6 5. d3 Nc6 6. Be3 a6 7. h3 Na5 8. O-O
Nxc4 9. dxc4 Be6 10. b3 Qd7 11. Nd5 Be7 12. Nxe7 Qxe7 13. a4 Bd7 14. b4 Nxe4 15.
b5 axb5 0-1

[Event "Challenge"]
[Site "http://www.queenalice.com/game.php?id=271448"]
[Date "2007.9.14"]
[Round "-"]
[White "tugasi"]
[Black "Homedepotov"]
[Result "0-1"]
[WhiteElo "1365"]
[BlackElo "1872"]

1. e4 e5 2. Nf3 Nc6 3. Nc3 Nf6 4. Bc4 Nxe4 5. Nxe4 d5 6. Bxd5 Qxd5 7. Nc3 Qd8 8.
d3 Be7 9. Be3 O-O 10. h4 Bg4 11. Qd2 Bxf3 12. gxf3 Bxh4 13. O-O-O Nd4 14. f4 Nc6
15. fxe5 Nxe5 16. Rh3 Ng6 17. Rg1 Bf6 18. Rgh1 h6 19. Bxh6 gxh6 20. Qxh6 Bg5+
21. Kb1 Bxh6 22. Rxh6 Qd4 23. f3 Rfe8 0-1

[Event "Challenge"]
[Site "http://www.queenalice.com/game.php?id=271869"]
[Date "2007.9.14"]
[Round "-"]
[White "Alaune"]
[Black "tugasi"]
[Result "1-0"]
[WhiteElo "1797"]
[BlackElo "1330"]

1. d4 d6 2. Bg5 h6 3. Bh4 g5 4. Bg3 f5 5. h3 Bg7 6. e3 b6 7. Bb5+ c6 8. Ba4 b5
9. Bb3 a5 10. a4 Bb7 11. Qh5+ Kd7 12. Qg6 Qf8 13. Ne2 Qf6 14. Qh5 Na6 15. O-O
Nb4 16. Na3 e6 17. Nc3 Ne7 18. Qf3 Rab8 19. Qe2 Rbf8 20. Naxb5 cxb5 21. Qxb5+
Bc6 22. Qxa5 Nxc2 23. Qa7+ Ke8 24. Bxc2 Kf7 25. Bxd6 Kg8 26. b4 Rc8 27. b5 Bxb5
28. Bxe7 Qf7 29. Nxb5 Rxc2 30. Nd6 1-0

[Event "Challenge"]
[Site "http://www.queenalice.com/game.php?id=271873"]
[Date "2007.9.14"]
[Round "-"]
[White "tugasi"]
[Black "rockrodrigues"]
[Result "0-1"]
[WhiteElo "1391"]
[BlackElo "1804"]

1. e4 c5 2. Nf3 e6 3. Nc3 g6 4. d4 Bg7 5. Bc4 Ne7 6. dxc5 Bxc3+ 7. bxc3 Qa5 8.
O-O Qxc3 9. Bb3 Qxa1 10. Bg5 Qxd1 11. Rxd1 Nbc6 12. Ba4 O-O 13. Nd4 Nxd4 14.
Rxd4 Nc6 15. Rd3 f5 16. exf5 Rxf5 17. Be3 Rd5 18. Rxd5 exd5 19. Bb3 Ne7 20. Bg5
Kf7 21. f4 b6 22. c4 Bb7 23. g4 bxc5 24. Kf2 dxc4 25. Bxc4+ Bd5 26. Bxd5+ Nxd5
27. Bh4 Nxf4 28. Kf3 Ne6 29. Ke4 c4 30. Be1 Rc8 31. Bc3 Nc5+ 32. Kd5 Na4 33. Bd2
c3 34. Bc1 c2 35. Kd6 Ke8 0-1

[Event "Challenge"]
[Site "http://www.queenalice.com/game.php?id=272098"]
[Date "2007.9.15"]
[Round "-"]
[White "tugasi"]
[Black "OLIMP2458"]
[Result "0-1"]
[WhiteElo "1442"]
[BlackElo "2069"]

1. e4 c6 2. Nc3 d5 3. exd5 cxd5 4. d4 Nf6 5. Bf4 Bg4 6. f3 Bf5 7. g4 Bc8 8. Bd3
e6 9. Qe2 Bb4 10. a3 Bxc3+ 11. bxc3 Nc6 12. Nh3 O-O 13. g5 Nh5 14. Bd2 e5 15.
dxe5 Bxh3 16. f4 g6 17. f5 Nxe5 18. O-O-O Qd6 19. fxg6 fxg6 20. Kb2 Bg4 21. Qe1
Bxd1 22. Qxd1 Nxd3+ 23. cxd3 Rf2 24. h4 Ng3 25. Rg1 Qb6+ 26. Ka1 Rxd2 27. Qxd2
Qxg1+ 28. Kb2 Re8 29. Kb3 Re6 30. Qf4 Qb1+ 0-1